000 00477nam a2200181Ia 4500
008 221030s9999 xx 000 0 und d
020 _a8126509720
041 _aEnglish
082 _a105.23
100 _aR. M. Silverstein
245 0 _aSpectrometric Identification of Organic Compounds
_cby R. M. Silverstein, F. X. Webster
250 _a6th
260 _bWilley Pub.
_aNew Delhi
_c2010
300 _a482
650 _aChemistry
700 _aF. X. Webster
942 _cBK
999 _c9532
_d9532